| 000 | 00708nam a22002177a 4500 | ||
|---|---|---|---|
| 999 |
_c20815 _d20815 |
||
| 003 | AR-CdUCM | ||
| 008 | 190606b ||||| |||| 00| 0 spa d | ||
| 040 |
_aMUNICIPALIDAD PROVINCIAL DEL CUSCO _cBIBLIOTECA MUNICIPAL DEL CUSCO |
||
| 082 |
_a869.56 / _bM12 |
||
| 100 |
_aMacedo Arguedas, Alfredo. _912315 |
||
| 245 |
_aManco emerge del titikaka, Ollanta versión relato : _bCh´ucu y el retiro amoroso de la alpaca / |
||
| 260 |
_aPuno : _c1984. |
||
| 300 |
_a22 páginas ; _c26 cm. |
||
| 440 |
_aCuadernos de literatura andina - _n1 _943482 |
||
| 505 | _aContenido: Cuento. | ||
| 650 |
_aPerú _935 |
||
| 650 |
_aSiglo XX _98 |
||
| 650 |
_aLiteratura _983 |
||
| 942 |
_2ddc _cLIBROS |
||
| 945 | _aJavier | ||